000 02881nam0a2200361 4500
001 RU\NLR\BIBL_A\022549074
005 20260420044839.0
010 _a978-5-907770-81-2
_9100
021 _aRU
_bКН-П-25-018331
_9КН-П-25-1860
035 _a(NLR Aleph) 022549074
090 _a13673181
_c13673181
100 _a20250523d2024 k y0rusy50 ca
101 0 _arus
102 _aRU
105 _ay z 100yy
181 0 _ai
_bxxxe
182 0 _an
200 1 _aМатериалы Межрегиональной научно-практической конференции с международным участием "Международный день психического здоровья. Актуальные вопросы психофармакотерапии", 10 октября 2023 г.
_fМинистерство здравоохранения Республики Татарстан, Казанская государственная медицинская академия – филиал ФГБОУ ДПО РМАНПО Минздрава России, ГАУЗ "Республиканская клиническая психиатрическая больница имени академика В. М. Бехтерева" МЗ РТ
203 _aТекст
_bвизуальный
_cнепосредственный
210 _aКазань
_cМеДДоК
_d2024
215 _a109 c.
_d21
300 _aНа обл.: Международный день психического здоровья. Актуальные вопросы психофармакотерапии : материалы межрегиональной научно-практической конференции с международным участием, 10 октября 2023 г.
320 _aБиблиогр. в конце ст.
512 1 _aМеждународный день психического здоровья. Актуальные вопросы психофармакотерапии
_eматериалы межрегиональной научно-практической конференции с международным участием, 10 октября 2023 г.
606 1 _aПсихофармакотерапия
_jСъезды, совещания и т.п
_92024412
_3RU\NLR\AUTH\66931978
686 1 _aР281.70я431(2)
686 1 _aР64-52я431(2)
710 1 2 _a"Международный день психического здоровья. Актуальные вопросы психофармакотерапии", межрегиональная научно-практическая конференция с международным участием
_eКазань
_f2023
_92660275
_3RU\NLR\AUTH\880627907
942 _cBOOK
980 _aNB